| Tag |
First Indicator |
Second Indicator |
Subfields |
| LEADER |
00000pam a2200000 i 4500 |
| 001 |
in00000087525 |
| 005 |
20151008064831.0 |
| 008 |
780308s1979 nyua b 00110 eng |
| 010 |
|
|
|a 78004498
|
| 020 |
|
|
|a 0070379653
|
| 035 |
|
|
|a (OCoLC)03771034
|
| 035 |
|
|
|9 AAK4880AM
|
| 040 |
|
|
|a DLC
|c DLC
|d TXA
|d UtOrBLW
|
| 049 |
|
|
|a TXAM
|c [1502667]
|
| 050 |
0 |
0 |
|a TC145
|b .L55 1979
|
| 082 |
0 |
|
|a 627
|
| 100 |
1 |
|
|a Linsley, Ray K.
|
| 245 |
1 |
0 |
|a Water-resources engineering /
|c Ray K. Linsley, Joseph B. Franzini.
|
| 250 |
|
|
|a 3d ed.
|
| 264 |
|
1 |
|a New York :
|b McGraw-Hill,
|c [1979]
|
| 264 |
|
4 |
|c ©1979
|
| 300 |
|
|
|a xii, 716 pages :
|b illustrations ;
|c 24 cm.
|
| 336 |
|
|
|a text
|b txt
|2 rdacontent
|
| 337 |
|
|
|a unmediated
|b n
|2 rdamedia
|
| 338 |
|
|
|a volume
|b nc
|2 rdacarrier
|
| 490 |
1 |
|
|a McGraw-Hill series in water resources and environmental engineering
|
| 504 |
|
|
|a Includes bibliographies and indexes.
|
| 650 |
|
0 |
|a Hydraulic engineering.
|
| 650 |
|
0 |
|a Water resources development.
|
| 700 |
1 |
|
|a Franzini, Joseph B.
|
| 830 |
|
0 |
|a McGraw-Hill series in water resources and environmental engineering.
|
| 999 |
|
|
|a MARS
|
| 999 |
f |
f |
|s 2221ebe5-2bdd-3599-9ab1-6e5f8c718053
|i e5cd4a21-713d-3dfa-b070-21e75830f749
|t 0
|
| 952 |
f |
f |
|p ric
|a Texas A&M University
|b Rellis Campus
|c Joint Library Facility
|d Remote Storage
|t 0
|e TC145 .L55 1979
|h Library of Congress classification
|i unmediated -- volume
|m A14827829228
|
| 998 |
f |
f |
|a TC145 .L55 1979
|t 0
|l Remote Storage
|